[Event "37th IND-ch (w)"]
[Site "Bhubaneswar IND"]
[Date "2011.01.04"]
[Round "10"]
[White "Nivedhitha, J. G."]
[Black "Saranya, J."]
[Result "1-0"]
[WhiteElo "1819"]
[BlackElo "2123"]
[PlyCount "121"]
[EventDate "2010.12.25"]

1. e4 c5 2. Nf3 d6 3. d4 cxd4 4. Nxd4 Nf6 5. Nc3 a6 6. Bg5 e6 7. f4 Nc6 8. Nxc6
bxc6 9. e5 h6 10. Bh4 g5 11. fxg5 Nd5 12. Nxd5 exd5 13. Qh5 Qb6 14. Be2 Bg7 15.
g6 O-O 16. Bf6 Ra7 17. gxf7+ Raxf7 18. O-O-O dxe5 19. Bxg7 Qe3+ 20. Kb1 Rxg7
21. Rd3 Qg5 22. Qxg5 Rxg5 23. Ra3 Rxg2 24. Bxa6 Bxa6 25. Rxa6 Rf6 26. a4 e4 27.
a5 e3 28. Re1 d4 29. Ra8+ Rf8 30. Rxf8+ Kxf8 31. a6 Ke7 32. c3 c5 33. cxd4 cxd4
34. a7 Rg8 35. Kc2 Kf6 36. Kd3 Ke5 37. Ra1 Ra8 38. Ra4 Kf4 39. Rxd4+ Kf3 40.
Rd7 h5 41. Rf7+ Kg2 42. Kxe3 Kxh2 43. Rh7 Kg3 44. Rg7+ Kh2 45. b4 h4 46. b5 h3
47. b6 Kh1 48. Kd4 Rh8 49. b7 h2 50. Rh7 Rxh7 51. b8=Q Rxa7 52. Qxa7 Kg2 53.
Qg7+ Kf2 54. Qh6 Kg2 55. Qg5+ Kf2 56. Qh4+ Kg2 57. Qg4+ Kf2 58. Qh3 Kg1 59.
Qg3+ Kh1 60. Qf3+ Kg1 61. Ke3 1-0

[Event "37th IND-ch (w)"]
[Site "Bhubaneswar IND"]
[Date "2011.01.04"]
[Round "10"]
[White "Minki, Sinha"]
[Black "Preethi, Rajkumar"]
[Result "0-1"]
[WhiteElo "1880"]
[BlackElo "2073"]
[PlyCount "90"]
[EventDate "2010.12.25"]

1. e4 c5 2. Nf3 Nc6 3. d4 cxd4 4. Nxd4 Nf6 5. Nc3 e5 6. Ndb5 d6 7. Bg5 a6 8.
Na3 b5 9. Bxf6 gxf6 10. Nd5 f5 11. exf5 Bxf5 12. c3 Bg7 13. Nc2 O-O 14. Nce3
Be6 15. g3 f5 16. Bh3 Rb8 17. O-O Qd7 18. Rc1 Kh8 19. f4 e4 20. Kh1 Ne7 21.
Nxe7 Qxe7 22. Qh5 Qd7 23. Rfd1 Rf6 24. Qe2 Rh6 25. Qg2 Rg8 26. Rd2 Bf8 27. Re1
Qf7 28. Nd1 d5 29. b4 Be7 30. Qf1 Qh5 31. Bxf5 Qxf5 32. Ne3 Qh5 33. f5 Bf7 34.
g4 Qh4 35. Ree2 Bg5 36. h3 Qxh3+ 37. Qxh3 Rxh3+ 38. Rh2 Rxh2+ 39. Kxh2 Bxe3 40.
Kg2 h5 41. f6 Rxg4+ 42. Kh2 Bf4+ 43. Kh1 e3 44. a4 d4 45. Rg2 Bd5 0-1

[Event "37th IND-ch (w)"]
[Site "Bhubaneswar IND"]
[Date "2011.01.05"]
[Round "11"]
[White "Soumya, Swaminathan"]
[Black "Karavade, Eesha"]
[Result "1-0"]
[WhiteElo "2332"]
[BlackElo "2369"]
[PlyCount "103"]
[EventDate "2010.12.25"]

1. e4 e5 2. Nf3 Nc6 3. Bb5 Bc5 4. O-O Nd4 5. Nxd4 Bxd4 6. c3 Bb6 7. d4 c6 8.
Ba4 d6 9. Be3 Nf6 10. Qf3 O-O 11. Nd2 Be6 12. h3 Qe7 13. Rfe1 Rfd8 14. Bc2 Bc7
15. Bg5 h6 16. Bh4 Bb6 17. a4 a5 18. d5 Bd7 19. Nc4 Bc7 20. Ne3 Re8 21. Rad1
Rad8 22. Nf5 Bxf5 23. exf5 c5 24. g4 Rb8 25. Qg2 Bd8 26. f4 Qc7 27. fxe5 dxe5
28. d6 Qb6 29. Bg3 Nd7 30. Bd3 c4+ 31. Bf2 Qb3 32. Be4 Bb6 33. Bxb6 Qxb6+ 34.
Kh1 Nc5 35. Re2 Red8 36. Red2 Nxe4 37. Qxe4 Qc6 38. Qxc6 bxc6 39. Re1 f6 40.
Re4 Rb6 41. Rxc4 Kf7 42. b4 Ke8 43. Kg2 Kd7 44. bxa5 Rb3 45. a6 Ra8 46. h4 Rxa6
47. g5 hxg5 48. hxg5 Ra3 49. gxf6 gxf6 50. Rg4 R6xa4 51. Rg7+ Kd8 52. d7 1-0

[Event "37th IND-ch (w)"]
[Site "Bhubaneswar IND"]
[Date "2011.01.05"]
[Round "11"]
[White "Padmini, Rout"]
[Black "Mohota, Nisha"]
[Result "1/2-1/2"]
[WhiteElo "2352"]
[BlackElo "2325"]
[PlyCount "90"]
[EventDate "2010.12.25"]

1. e4 e5 2. Nf3 Nc6 3. Bb5 a6 4. Ba4 Nf6 5. O-O Be7 6. Re1 b5 7. Bb3 d6 8. c3
O-O 9. h3 Nb8 10. d4 Nbd7 11. Nbd2 Bb7 12. Bc2 Re8 13. a4 Bf8 14. Bd3 c6 15. b4
Rc8 16. Bb2 Nb6 17. axb5 axb5 18. Qb3 exd4 19. cxd4 d5 20. e5 Nh5 21. Qc2 g6
22. e6 Nf4 23. exf7+ Kxf7 24. Rxe8 Qxe8 25. Ra7 Rc7 26. Bxb5 Qb8 27. Rxb7 Qxb7
28. Bxc6 Bxb4 29. Nc4 Qb8 30. Nce5+ Kg7 31. g3 Nxh3+ 32. Kg2 Qc8 33. Qb3 Ba5
34. Qb5 Nc4 35. Qxd5 Nxb2 36. Bd7 Rxd7 37. Nxd7 Nd3 38. Kxh3 Nxf2+ 39. Kg2 Ng4
40. Qxa5 Qxd7 41. Qg5 h6 42. Qf4 Qe6 43. Qc7+ Kg8 44. Qb8+ Kg7 45. Qc7+ Kg8
1/2-1/2

[Event "37th IND-ch (w)"]
[Site "Bhubaneswar IND"]
[Date "2011.01.05"]
[Round "11"]
[White "Gomes, Mary Ann"]
[Black "Bharathi, Ramaraj"]
[Result "1-0"]
[WhiteElo "2306"]
[BlackElo "2111"]
[PlyCount "125"]
[EventDate "2010.12.25"]

1. Nf3 Nf6 2. g3 g6 3. b3 Bg7 4. Bb2 O-O 5. Bg2 d6 6. d4 Nbd7 7. O-O e5 8. dxe5
Ng4 9. Nc3 dxe5 10. e4 c6 11. a4 a5 12. h3 Nh6 13. Qd2 f6 14. Rfd1 Nf7 15. Qe2
Qc7 16. Ba3 Re8 17. Qc4 Qb8 18. b4 Nb6 19. Qc5 Qa7 20. bxa5 Qxa5 21. Qxa5 Rxa5
22. Bb4 Ra8 23. a5 Nc4 24. Na4 Bf8 25. c3 Be6 26. Nd2 Nxd2 27. Rxd2 Rad8 28.
Rb2 Bd6 29. Bxd6 Nxd6 30. Nc5 Ra8 31. Bf1 Re7 32. Rd2 Nc4 33. Rdd1 Bf7 34. Bxc4
Bxc4 35. Nd7 Be6 36. Nxf6+ Kg7 37. Ng4 Bxg4 38. hxg4 Kf6 39. f3 Ke6 40. Kf2 Rf7
41. c4 c5 42. Ke2 Ra6 43. Ke3 b6 44. axb6 Rxb6 45. Rd3 Rb4 46. Ra6+ Ke7 47. Rc3
Kd7 48. f4 exf4+ 49. gxf4 Rb1 50. f5 Re1+ 51. Kf4 gxf5 52. gxf5 Rf1+ 53. Ke5
Re7+ 54. Re6 Rd1 55. Rxe7+ Kxe7 56. Rh3 Rd4 57. Rxh7+ Ke8 58. Ra7 Rxc4 59. f6
Rb4 60. Kf5 c4 61. e5 Rb5 62. f7+ Kf8 63. Kf6 1-0

[Event "37th IND-ch (w)"]
[Site "Bhubaneswar IND"]
[Date "2011.01.05"]
[Round "11"]
[White "Aparajita, Gochhikar"]
[Black "Swathi, Ghate"]
[Result "0-1"]
[WhiteElo "1871"]
[BlackElo "2302"]
[PlyCount "88"]
[EventDate "2010.12.25"]

1. e4 e5 2. Nf3 Nc6 3. Bc4 Bc5 4. c3 Nf6 5. d3 d6 6. O-O Bb6 7. Bb3 Ne7 8. Nbd2
c6 9. d4 Ng6 10. dxe5 dxe5 11. Qc2 O-O 12. Nc4 Bc7 13. Rd1 Qe7 14. a4 Bg4 15.
Qe2 Nh5 16. h3 Nhf4 17. Bxf4 Nxf4 18. Qe3 Bh5 19. a5 b5 20. axb6 axb6 21. Kh2
b5 22. Ncd2 Bd6 23. Bc2 Bc5 24. Qe1 Qf6 25. g4 Bxg4 26. hxg4 Qh6+ 27. Kg1 Qh3
28. Qf1 Qxg4+ 29. Kh1 Nh3 30. Nh2 Nxf2+ 31. Qxf2 Qxd1+ 32. Rxd1 Bxf2 33. Ng4
Bg3 34. Nf3 f6 35. Rd6 Rac8 36. Bb3+ Kh8 37. Ne3 Bf4 38. Nf5 Rc7 39. Kg2 g6 40.
Ng3 Bc1 41. Be6 Bxb2 42. Rd7 Rxd7 43. Bxd7 c5 44. Bxb5 Bxc3 0-1

[Event "37th IND-ch (w)"]
[Site "Bhubaneswar IND"]
[Date "2011.01.05"]
[Round "11"]
[White "Pratyusha, Bodda"]
[Black "Tania, Sachdev"]
[Result "0-1"]
[WhiteElo "2086"]
[BlackElo "2385"]
[PlyCount "68"]
[EventDate "2010.12.25"]

1. e4 c5 2. Nf3 e6 3. d3 d5 4. Nbd2 Nc6 5. g3 Nge7 6. Bg2 g6 7. O-O Bg7 8. Re1
O-O 9. Kh1 b6 10. Ng1 Bb7 11. f4 b5 12. e5 c4 13. c3 a5 14. a4 cxd3 15. axb5
Na7 16. Nb3 Nxb5 17. Qxd3 Bc6 18. Be3 Qc7 19. Ne2 Rfb8 20. Ra2 Be8 21. Rc1 Nc6
22. Qd2 a4 23. Rca1 Nba7 24. Nc5 Na5 25. b4 axb3 26. Na6 bxa2 27. Nxc7 Rb1+ 28.
Ng1 Rxa1 29. Qb2 Nb3 30. Nxa8 Nb5 31. Qxb3 Rxg1+ 32. Bxg1 a1=Q 33. c4 Bf8 34.
cxb5 Bc5 0-1

[Event "37th IND-ch (w)"]
[Site "Bhubaneswar IND"]
[Date "2011.01.05"]
[Round "11"]
[White "Arunima, Kalra"]
[Black "Harini, Sankaran"]
[Result "1/2-1/2"]
[WhiteElo "1866"]
[BlackElo "2063"]
[PlyCount "53"]
[EventDate "2010.12.25"]

1. e4 c5 2. c3 d5 3. exd5 Qxd5 4. d4 Nf6 5. Nf3 Bg4 6. Be2 e6 7. h3 Bh5 8. O-O
Be7 9. Be3 cxd4 10. cxd4 Nc6 11. Nc3 Qd6 12. a3 O-O 13. Qb3 a6 14. Rfd1 Rfd8
15. Rac1 b5 16. d5 Na5 17. Qa2 Nxd5 18. Nxd5 exd5 19. Bc5 Qf6 20. Rxd5 Bg6 21.
b4 Rxd5 22. Qxd5 Rd8 23. Bxe7 Qxe7 24. Qe5 Qxe5 25. Nxe5 Nb3 26. Rc7 Nd4 27.
Bf1 1/2-1/2

[Event "37th IND-ch (w)"]
[Site "Bhubaneswar IND"]
[Date "2011.01.05"]
[Round "11"]
[White "Kiran, Manisha Mohanty"]
[Black "Akshaya, A."]
[Result "1/2-1/2"]
[WhiteElo "2230"]
[BlackElo "2022"]
[PlyCount "138"]
[EventDate "2010.12.25"]

1. e4 e5 2. Nf3 Nc6 3. Bb5 Bc5 4. O-O Nf6 5. c3 O-O 6. d4 Bb6 7. Bg5 h6 8. Bh4
d6 9. a4 a5 10. dxe5 Nxe5 11. Nxe5 dxe5 12. Nd2 c6 13. Bc4 g5 14. Bg3 Qe7 15.
Kh1 Kg7 16. Qe2 Bg4 17. f3 Bd7 18. Ba2 Nh5 19. Nc4 Nxg3+ 20. hxg3 Bc7 21. Rad1
Rad8 22. Qf2 Bc8 23. Rxd8 Rxd8 24. f4 exf4 25. gxf4 Bxf4 26. g3 Bc7 27. e5 Be6
28. Ne3 Bxe5 29. Nf5+ Bxf5 30. Qxf5 f6 31. Bb1 Kf8 32. Kg2 Rd2+ 33. Rf2 Rxf2+
34. Kxf2 Qc7 35. Kg2 Qb6 36. Qc8+ Ke7 37. Bf5 Qxb2+ 38. Kh3 Qxc3 39. Qd7+ Kf8
40. Qc8+ Ke7 41. Qe6+ Kf8 42. Qc8+ Ke7 43. Qd7+ Kf8 44. Qd8+ Kf7 45. Qd7+ Kf8
46. Qc8+ Ke7 47. Qe6+ Kf8 48. Kg4 Qb4+ 49. Kh3 Qd6 50. Qc8+ Ke7 51. Qxb7+ Qc7
52. Qb3 Qd6 53. Qb7+ Qc7 54. Qb3 c5 55. Qe6+ Kf8 56. Bd3 Qd6 57. Qc8+ Ke7 58.
Bf5 Bxg3 59. Kg4 Be5 60. Kh5 Qc7 61. Qg8 c4 62. Be6 c3 63. Bc4 Qd6 64. Bb5 Qd8
65. Qh7+ Kd6 66. Qb7 Qc7 67. Qa6+ Ke7 68. Bc4 Qd6 69. Qb7+ Qc7 1/2-1/2

[Event "37th IND-ch (w)"]
[Site "Bhubaneswar IND"]
[Date "2011.01.05"]
[Round "11"]
[White "Nivedhitha, J. G."]
[Black "Pujari, Rucha"]
[Result "1/2-1/2"]
[WhiteElo "1819"]
[BlackElo "2114"]
[PlyCount "94"]
[EventDate "2010.12.25"]

1. e4 d6 2. Nf3 Nf6 3. Nc3 g6 4. d4 Bg7 5. Bc4 O-O 6. h3 c6 7. Be3 b5 8. Bd3
Qc7 9. Qd2 e5 10. dxe5 dxe5 11. Bh6 Nbd7 12. Bxg7 Kxg7 13. Nh2 h5 14. g4 Nc5
15. gxh5 Nxh5 16. Ng4 Bxg4 17. hxg4 Nf4 18. Ne2 Nce6 19. O-O-O c5 20. Nxf4 Nxf4
21. Bxb5 Rab8 22. Bc4 Rfd8 23. Qe1 Rd4 24. b3 Rxc4 25. bxc4 Qb7 26. Rd6 Qb1+
27. Kd2 Qb4+ 28. Kc1 Qa3+ 29. Kd2 Qa5+ 30. Kc1 Qxa2 31. Kd2 Qa5+ 32. Kc1 Qa3+
33. Kd2 Rb2 34. Qe3 Qb4+ 35. Qc3 a5 36. Qxb4 axb4 37. Rb6 Ra2 38. Re1 Ne6 39.
Rxe6 fxe6 40. g5 Ra8 41. Re3 Rf8 42. f3 Kf7 43. Rb3 Ke7 44. Ke3 Ra8 45. Ke2 Ra1
46. Ke3 Kd6 47. Kd2 Kc6 1/2-1/2